Les plus grandes îles par lettre - Statistiques

Statistiques générales
  • Ce quiz a été pris 102 fois
  • Le résultat moyen est 9 sur 26
Statistiques - réponses
Lettre île Pays Rang % Correct
B Bornéo Brunei, Indonésie, Malaisie 3
84%
G Groenland Danemark 1
77%
J Java Indonésie 13
77%
H Honshū Japon 7
76%
S Sumatra Indonésie 6
74%
M Madagascar 4
63%
I Islande 18
57%
K Kyūshū Japon 37
55%
N Nouvelle-Guinée Indonésie, Papouasie-Nouvelle-Guinée 2
53%
L Luçon Philippines 17
48%
C Célébes Indonésie 11
34%
V île Victoria Canada 8
26%
T Terre-Nueve Canada 15
26%
E île d'Ellesmere Canada 10
22%
F Florès Indonésie 58
16%
O Oahu États-Unis ?
14%
D île Devon Canada 29
13%
P île du Prince-de-Galles Canada 42
8%
W île Wrangel Russie 92
6%
R île de la Révolution d'Octobre Russie 60
4%
Y Yos Sudarso Indonésie 66
4%
A île Alexander-Ier Antarctique 28
3%
Q Qechm Iran ?
3%
Z Žitńy ostrov Slovaquie ?
3%
U île Unimak États-Unis 132
2%
X Xiushan Chine ?
2%
Aucun quiz correspondant
Distribution des résultats
% des personnes avec chaque résultat
Percentile par nombre de réponses
Votre historique - résultats
Vous n’avez pas pris ce quiz